The Democratic Voice of Burma

Detalles Bibliográficos
Formato: Software eBook
Lenguaje:español
Publicado: Pakistǹ AsiaNet Pakistan (Pvt) Ltd. 2014
Materias:
Acceso en línea:Acceso restringido

MARC

LEADER 00000nam a22000007a 4500
005 2015120301051.0
007 cz|||| ||u|
008 151203s20149999pk d|||os|||| 0||||1spa d
035 |a 11726 
040 |a vLex 
090 |c 5730  |d 5730 
245 1 4 |a The Democratic Voice of Burma  |h [Recurso elecrtrn̤ico] /  |c AsiaNet Pakistan (Pvt) Ltd. 
256 |a Servicio en ln̕ea  
260 |a Pakistǹ  |b AsiaNet Pakistan (Pvt) Ltd.  |c 2014 
300 |a 1 recurso electrn̤ico 
506 1 |a Contenido solo disponible en los productos indicados   |d vLex Global  |d vLex Global (Academic Edition, excluding Law Schools)  |d vLex Global (U.S. Academic Edition, Law Schools)  |d vLex Global (U.S. Academic Edition, excluding Law Schools)  |d vLex Global (Academic Edition, Law Schools) 
650 0 4 |a Noticias   |z Pakistǹ  
740 |a vLex revista (servicio en ln̕ea) 
856 4 0 |u http://vlex.com/source/democratic-voice-burma-11726/section/001  |z Acceso restringido  
942 |c REV 
999 0 |a News